Teoría y praxis: estudios de filosofía social /

Guardat en:
Dades bibliogràfiques
Autor principal: Habermas, Jürgen
Altres autors: Mas Torres, Salvador tr Moya Espí, Carlos tr
Format: Text
Publicat: Madrid: Tecnos
Edició:4
Etiquetes: Afegir etiqueta
Sense etiquetes, Sigues el primer a etiquetar aquest registre!

MARC

LEADER 00000 a a2200000 04500
001 31289
003
040 |a CRAI/IIS  |c CRAI/IIS 
020 |a 84-309-1423-4  
090 |a 197902  
100 |a Habermas, Jürgen  
245 |a Teoría y praxis: estudios de filosofía social /  |c Jürgen Habermas 
250 |a 4  
260 |a Madrid:   |b Tecnos  
300 |a 439 p.  
500 |a Título original: Theorie und Praxis  
700 |a Mas Torres, Salvador   |a tr   |a Moya Espí, Carlos   |a tr  
999 |c 3836  |d 3836